Normal view MARC view

Entry Personal Name

Number of records used in: 1

001 - CONTROL NUMBER

  • control field: 1239989

003 - CONTROL NUMBER IDENTIFIER

  • control field: OSt

005 - DATE AND TIME OF LATEST TRANSACTION

  • control field: 20260514122711.0

008 - FIXED-LENGTH DATA ELEMENTS

  • fixed length control field: 260514|| aca||aabn | a|a d

040 ## - CATALOGING SOURCE

  • Original cataloging agency: OSt
  • Transcribing agency: OSt

100 ## - HEADING--PERSONAL NAME

  • Personal name: Nair Dr.Arjun

670 ## - SOURCE DATA FOUND

  • Source citation: Work cat.: (OSt)1851642: Nair Dr.Arjun , Randomized Controlled Study of Intrathecal Bupivacaine with Fentanyl and Ropivacaine with Fentanyl in Lower Limb Surgeries in Adults.
Copyright @ Delhi University Library System